00852nam a22002417b 4500003000500000005001700005008004100022020002600063040002400089041001400113082001500127100003800142245004400180250002100224260004800245300002300293655003000316655002400346655003600370942005800406999001900464952012700483322820260312141826.0260312b sa |||||d|||| 00| 1 AFR d a0868121304 (hardback) aMPLbengc3228erda aAfrikaans 0aLP AF PIET 9123112aPieterse, Emily eauthor aDie stryd om Mambabos /cEmily Pieterse aGrootdrukuitgawe aVoortrekkerhoogte :bMakro Boeke ,c©1986. a324 pages :c21 cm 09189056aAfrikaans Fiction 09198295aLarge Print 09188670aHuman Relations Fiction 2ddccBKw296xPhillipina Naudey296zPhillipina Naude c794071d794070 00102ddc40708FaKLIPLbKLIPLcFICd2026-03-12l0oLP AF PIETp33228001595246r2026-03-12w2026-03-12yBKz61550018 164